000 00594nam a22001937a 4500
003 OSt
005 20220107122843.0
008 180717b xxu||||| |||| 00| 0 eng d
040 _cIIITMK
100 _aRenjith G. (93517012)
_914523
245 _aOperating system kernal space malware detection approach using machine learning
300 _aMPhil CS 2017-2018
502 _bMPhil CS
_c2017-2018
_dINT
_eDr. Tony Thomas
650 _aMALWARE DETECTION
_914524
650 _aKERNEL SPACE
_914525
650 _aMALICIOUS SOFTWARE
_914526
650 _aMACHINE LEARNING
_914527
942 _2ddc
_cPR
999 _c6160
_d6160